[Event "62nd ch-IND 2025"]
[Site "Guntur IND"]
[Date "2025.09.24"]
[Round "4.39"]
[White "Sriram, Jha"]
[Black "Sparsh, Khandelwal"]
[Result "1/2-1/2"]
[WhiteTitle "GM"]
[WhiteElo "2322"]
[BlackElo "1986"]
[WhiteFideId "5001668"]
[BlackFideId "35064312"]
[EventDate "2025.09.21"]

1. d4 Nf6 2. c4 g6 3. g3 c6 4. Bg2 d5 5. Qa4 Bg7 6. cxd5 Nxd5 7. Nf3 O-O 8. O-O
Bf5 9. Re1 Nb6 10. Qb3 Na6 11. Nc3 Bg4 12. Rd1 Qc8 13. Bg5 Re8 14. Rac1 Qe6 15.
Qxe6 Bxe6 16. b3 h6 17. Bf4 Nd5 18. Nxd5 Bxd5 19. g4 Rad8 20. e3 Be4 21. Ne5
Bxg2 22. Kxg2 Nb4 23. a3 Nd5 24. Bg3 g5 25. Nd3 e6 26. Nc5 Re7 27. b4 f5 28.
gxf5 exf5 29. Nd3 f4 30. exf4 Bxd4 31. fxg5 hxg5 32. Re1 Rde8 33. Rxe7 Rxe7 34.
Rc4 Bf6 35. Kf3 Kf7 36. Nc5 Kg6 37. Nd3 Nb6 38. Rc2 Nd5 39. h3 Rf7 40. Kg2 Re7
41. Nc5 Bd4 42. Bd6 Bxc5 43. bxc5 Re4 44. Rb2 b5 45. cxb6 axb6 46. Rc2 c5 47.
Rd2 Nf4+ 48. Kf3 1/2-1/2

[Event "62nd ch-IND 2025"]
[Site "Guntur IND"]
[Date "2025.09.24"]
[Round "4.40"]
[White "Swarna Nihal"]
[Black "Mann Akbari"]
[Result "1-0"]
[WhiteTitle "FM"]
[WhiteElo "2305"]
[BlackElo "1982"]
[WhiteFideId "25683640"]
[BlackFideId "33420769"]
[EventDate "2025.09.21"]

1. d4 e6 2. c4 b6 3. g3 Bb7 4. Nf3 Nf6 5. Bg2 c5 6. d5 exd5 7. Nh4 g6 8. Nc3 Bg7
9. Nb5 O-O 10. Nd6 Ba6 11. cxd5 Qe7 12. Ndf5 Qd8 13. Nxg7 Kxg7 14. O-O d6 15.
Bf4 Re8 16. Re1 Ng4 17. Qd2 Ne5 18. Bh6+ Kg8 19. h3 f6 20. Qc2 Bc8 21. Bd2 Kg7
22. Bc3 b5 23. b4 cxb4 24. Bxb4 a5 25. Bc3 Na6 26. Bd4 Bd7 27. Qd2 Rc8 28. Rac1
b4 29. Rxc8 Bxc8 30. f4 Nd7 31. g4 Kg8 32. Qc2 Kf7 33. e4 Nac5 34. Nf3 Bb7 35.
e5 Kg8 36. exd6 Rxe1+ 37. Nxe1 Qe8 38. Kf2 Na6 39. Nd3 Qb8 40. Qe2 Qd8 41. Qe6+
Kf8 42. g5 fxg5 43. Ne5 Nxe5 44. Qxe5 Kf7 45. Bf1 gxf4 46. Qg7+ Ke8 47. Bb5+ Bc6
48. Bxc6+ Qd7 49. Qe7# 1-0

[Event "62nd ch-IND 2025"]
[Site "Guntur IND"]
[Date "2025.09.24"]
[Round "4.41"]
[White "Ramanuj Mishra"]
[Black "Utsab, Chatterjee"]
[Result "0-1"]
[BlackTitle "IM"]
[WhiteElo "2006"]
[BlackElo "2299"]
[WhiteFideId "33308179"]
[BlackFideId "46609148"]
[EventDate "2025.09.21"]

1. d4 d5 2. c4 e6 3. Nf3 Nf6 4. e3 b6 5. b3 Bb7 6. Nbd2 Nbd7 7. Bb2 Bd6 8. Bd3
O-O 9. O-O Ne4 10. Ne5 f5 11. f4 Ndf6 12. Nxe4 dxe4 13. Be2 Qe7 14. Qc2 a5 15.
Rac1 c5 16. Rfd1 Rfd8 17. Rd2 Rac8 18. Qd1 cxd4 19. Bxd4 Bb4 20. Rdc2 Nd7 21.
Nxd7 Rxd7 22. Qf1 Bc5 23. Qf2 a4 24. Rb1 axb3 25. axb3 Bxd4 26. exd4 Rcd8 27.
Rd2 Qb4 28. Qe3 Ra8 29. g4 g6 30. gxf5 gxf5 31. h3 Rg7+ 32. Kh2 Qxd2 33. Qxd2 e3
34. Qc3 Ra2 35. d5 Rxe2+ 36. Kh1 exd5 0-1

[Event "62nd ch-IND 2025"]
[Site "Guntur IND"]
[Date "2025.09.24"]
[Round "4.42"]
[White "Yohan Yadav Tarala"]
[Black "Saisarvesh S"]
[Result "1-0"]
[WhiteTitle "CM"]
[WhiteElo "2246"]
[BlackElo "1977"]
[WhiteFideId "33385300"]
[BlackFideId "25739530"]
[EventDate "2025.09.21"]

1. Nf3 Nf6 2. b3 d5 3. Bb2 g6 4. c4 dxc4 5. bxc4 Bg7 6. g3 O-O 7. Bg2 c5 8. O-O
Nc6 9. Ne5 Na5 10. Qc2 Rb8 11. d3 Nd7 12. Nxd7 Bxd7 13. Bxg7 Kxg7 14. Qb2+ Kg8
15. Nc3 Nc6 16. Qb5 Bg4 17. Qxc5 Qd4 18. Qxd4 Nxd4 19. f3 Be6 20. Rab1 Rfd8 21.
Kf2 b5 22. Nxb5 Nxb5 23. Rxb5 Rxb5 24. cxb5 Rd4 25. Ra1 Ra4 26. f4 Bxa2 27. Bc6
Ra5 28. Bd5 e6 29. Rxa2 Rxb5 30. Bc4 Rb7 31. e4 h5 32. Ke3 Kg7 33. d4 Rc7 34.
Kd3 h4 35. gxh4 Kh6 36. d5 exd5 37. exd5 Kh5 38. Kd4 Kxh4 39. d6 1-0

[Event "62nd ch-IND 2025"]
[Site "Guntur IND"]
[Date "2025.09.24"]
[Round "4.43"]
[White "Jaiveer, Mahendru"]
[Black "Umashankar A"]
[Result "1-0"]
[WhiteTitle "FM"]
[WhiteElo "2242"]
[BlackElo "1971"]
[WhiteFideId "25611151"]
[BlackFideId "35009931"]
[EventDate "2025.09.21"]

1. e4 e5 2. Nf3 Nc6 3. Bc4 Nf6 4. Ng5 d5 5. exd5 Na5 6. Bb5+ c6 7. dxc6 bxc6 8.
Be2 h6 9. Nh3 Bc5 10. d3 O-O 11. O-O Bxh3 12. gxh3 Qd7 13. Kh1 Kh8 14. Nc3 Rab8
15. f4 Bd4 16. Ne4 exf4 17. Bxf4 Rxb2 18. c3 Nxe4 19. dxe4 Qe6 20. Bc1 Bxc3 21.
Bxb2 Bxb2 22. Rb1 Be5 23. Rf5 Bc7 24. Qc2 f6 25. Bg4 Qe7 26. Rff1 c5 27. Rbd1
Bd6 28. Qa4 Qe5 29. Rxd6 Qxd6 30. Qxa5 Qd3 31. Re1 c4 32. Qd5 Qc3 33. Rg1 a5 34.
Qh5 Rd8 35. Bf5 a4 36. Qg4 g6 37. Bxg6 Rg8 38. Qh5 Qe3 39. Qf5 c3 40. Qxf6+ Rg7
41. Rd1 1-0

[Event "62nd ch-IND 2025"]
[Site "Guntur IND"]
[Date "2025.09.25"]
[Round "5.1"]
[White "Lalit Babu M R"]
[Black "Ganguly, Surya Shekhar"]
[Result "1/2-1/2"]
[WhiteTitle "GM"]
[BlackTitle "GM"]
[WhiteElo "2502"]
[BlackElo "2573"]
[WhiteFideId "5024595"]
[BlackFideId "5002150"]
[EventDate "2025.09.21"]

1. d4 d5 2. Nf3 Nf6 3. c4 dxc4 4. e3 e6 5. Bxc4 c5 6. O-O Be7 7. Nc3 O-O 8. Qe2
cxd4 9. Rd1 a6 10. exd4 b5 11. Bb3 Bb7 12. Bg5 Nbd7 13. d5 exd5 14. Nxd5 Bxd5
15. Bxd5 Nxd5 16. Rxd5 Bxg5 17. Nxg5 h6 18. Rad1 hxg5 19. Rxd7 Qf6 20. R7d6 Rae8
21. Qxe8 Rxe8 22. Rxf6 gxf6 23. Kf1 Re6 24. Rd4 Kg7 25. a4 bxa4 26. Rxa4 Rb6 27.
g4 Rxb2 28. Rxa6 Rb4 29. h3 Rb3 30. Kg2 Kg6 1/2-1/2

[Event "62nd ch-IND 2025"]
[Site "Guntur IND"]
[Date "2025.09.25"]
[Round "5.2"]
[White "Goutham Krishna H"]
[Black "Sasikiran, Krishnan"]
[Result "0-1"]
[WhiteTitle "IM"]
[BlackTitle "GM"]
[WhiteElo "2418"]
[BlackElo "2524"]
[WhiteFideId "25983504"]
[BlackFideId "5004985"]
[EventDate "2025.09.21"]

1. b3 e5 2. Bb2 Nc6 3. e3 d5 4. Bb5 Bd6 5. Nf3 f6 6. c4 a6 7. Bxc6+ bxc6 8. Qc2
Be6 9. O-O Nh6 10. cxd5 cxd5 11. Qc6+ Kf7 12. Rc1 Nf5 13. Ba3 Ne7 14. Qa4 h5 15.
Qa5 h4 16. Nc3 h3 17. g3 Qd7 18. d4 e4 19. Ne1 Rhb8 20. Nc2 Nc6 21. Qa4 a5 22.
Ne1 Bb4 23. Ne2 Bxa3 24. Qxa3 Nb4 25. Rc5 a4 26. Qb2 Bg4 27. Nc1 c6 28. a3 Na6
29. Rc3 axb3 30. Nxb3 Rb6 31. Qc2 Rab8 32. Rc1 Kg8 33. Kh1 Bh5 34. Kg1 Be8 35.
Qd1 Qf5 36. Qc2 Qh5 37. Rb1 Bd7 38. Kf1 Bg4 39. Nd2 Be2+ 40. Kg1 Rxb1 41. Nxb1
Bd1 42. Qa2 Ba4 43. Rc1 Bb3 44. Qd2 Nc7 45. Qb2 Qe8 46. Qc3 Ne6 47. Qa5 Ng5 48.
Qc7 Bc4 49. Nd2 Bb5 50. Ra1 Ra8 51. Qd6 Qh5 52. f3 exf3 53. Qf4 Ne4 54. Qxf3 Qg6
55. Nxe4 dxe4 56. Qf4 Qh5 57. Qxe4 Re8 58. Qf4 Qe2 59. Qf2 Rxe3 60. a4 Ba6 61.
a5 Qc4 62. Qf4 Re4 63. Qf2 Re2 64. Qf4 Qd5 0-1

[Event "62nd ch-IND 2025"]
[Site "Guntur IND"]
[Date "2025.09.25"]
[Round "5.3"]
[White "Jain, Kashish Manoj"]
[Black "Aronyak, Ghosh"]
[Result "0-1"]
[WhiteTitle "IM"]
[BlackTitle "IM"]
[WhiteElo "2398"]
[BlackElo "2514"]
[WhiteFideId "35081098"]
[BlackFideId "25072846"]
[EventDate "2025.09.21"]

1. e4 c6 2. d4 d5 3. e5 Bf5 4. Nf3 e6 5. Be2 c5 6. Be3 Nd7 7. dxc5 Bxc5 8. Bxc5
Nxc5 9. Nbd2 Ne7 10. Nb3 Qb6 11. O-O O-O 12. Nxc5 Qxc5 13. Nd4 Nc6 14. Nxc6 bxc6
15. Bd3 Bxd3 16. Qxd3 a5 17. c3 Rfb8 18. Qd2 a4 19. Rfe1 Ra7 20. Rac1 Rab7 21.
Rc2 Qc4 22. a3 c5 23. g3 h5 24. Kg2 Qa2 25. b4 Qxa3 26. Ra2 Qb3 27. bxc5 Qc4 28.
Qe2 Qxe2 29. Rexe2 Ra7 30. Reb2 Rxb2 31. Rxb2 a3 32. Rb8+ Kh7 33. Rb1 Kg6 34. c6
a2 35. Ra1 Kf5 36. f4 Ke4 37. c7 Rxc7 38. Rxa2 Rxc3 39. Ra7 d4 40. Rxf7 d3 41.
Rd7 g6 42. Rd6 Rc2+ 43. Kh3 Rc4 44. Kg2 0-1

[Event "62nd ch-IND 2025"]
[Site "Guntur IND"]
[Date "2025.09.25"]
[Round "5.4"]
[White "Sethuraman, S.P."]
[Black "Audi, Ameya"]
[Result "1/2-1/2"]
[WhiteTitle "GM"]
[BlackTitle "IM"]
[WhiteElo "2572"]
[BlackElo "2430"]
[WhiteFideId "5021596"]
[BlackFideId "25034430"]
[EventDate "2025.09.21"]

1. e4 c5 2. Nf3 d6 3. Bb5+ Nd7 4. O-O a6 5. Be2 Ngf6 6. d3 e6 7. a4 b6 8. Nfd2
Bb7 9. f4 Nb8 10. Bf3 Nc6 11. c3 Qc7 12. Nc4 Be7 13. Ne3 O-O 14. g4 Nd7 15. Bg2
b5 16. Nd2 bxa4 17. Rxa4 a5 18. g5 Ba6 19. Nf3 Nb6 20. Ra1 d5 21. exd5 Nxd5 22.
Nxd5 exd5 23. Nh4 Qd7 24. f5 f6 25. g6 h6 26. Qh5 Bd8 27. Bxh6 gxh6 28. Qxh6 Ra7
29. Kh1 Qd6 30. Rf3 Ne5 31. Rg3 Rg7 32. Rd1 Re8 33. Kg1 Bb6 34. Nf3 Nxd3 35. Rh3
Kf8 36. Rh4 Re4 37. Qh8+ Rg8 38. Qh6+ Ke8 39. Qh7 Qf8 40. c4 Rg7 41. Qh5 Nf4 42.
Rxf4 Rxf4 43. cxd5 Be2 44. Rd2 c4+ 45. Kh1 Bxf3 46. Bxf3 Kd7 47. d6 Rd4 48. Rxd4
Bxd4 49. Qh6 Rg8 50. Qh4 Qxd6 51. Qh7+ Qe7 52. Bc6+ Kd6 53. Qxg8 Qe1+ 54. Kg2
Qf2+ 55. Kh3 Qxf5+ 56. Kg3 Be5+ 57. Kg2 Qg4+ 58. Kf1 Qf4+ 59. Ke2 Qxh2+ 60. Kd1
Qg1+ 61. Ke2 Kxc6 62. Qxc4+ Kd6 63. Qa6+ Kd5 64. Qb7+ Kc4 65. Qf7+ Kb4 66. Qb7+
Ka4 67. g7 Qg4+ 68. Kd2 Bf4+ 69. Kc3 Qh3+ 70. Kc2 Qf5+ 71. Kc3 Qc5+ 72. Kd3 Qe3+
73. Kc2 Qc1+ 74. Kd3 Qd2+ 75. Kc4 Qc2+ 76. Kd4 Qd2+ 77. Kc4 Qc2+ 78. Kd4 Be5+
79. Ke3 Qc1+ 80. Ke2 Qc4+ 81. Ke3 Qd4+ 82. Ke2 Qg4+ 83. Kd2 Bf4+ 84. Kc3 Qh3+
85. Kc4 Qf1+ 86. Kc3 Qc1+ 87. Kd3 Qd2+ 88. Kc4 1/2-1/2

[Event "62nd ch-IND 2025"]
[Site "Guntur IND"]
[Date "2025.09.25"]
[Round "5.5"]
[White "Viani, Antonio Dcunha"]
[Black "Iniyan, Pa"]
[Result "1/2-1/2"]
[WhiteTitle "IM"]
[BlackTitle "GM"]
[WhiteElo "2355"]
[BlackElo "2599"]
[WhiteFideId "5027330"]
[BlackFideId "25002767"]
[EventDate "2025.09.21"]

1. e4 c5 2. Nf3 d6 3. d4 cxd4 4. Nxd4 Nf6 5. Nc3 a6 6. f3 e5 7. Nb3 Be6 8. Be3
Be7 9. Qd2 h5 10. Be2 Nbd7 11. Nd5 Nxd5 12. exd5 Bf5 13. O-O O-O 14. Na5 Qc8 15.
c4 Bd8 16. Rac1 Nc5 17. Nb3 Bb6 18. Kh1 Re8 19. Nxc5 Bxc5 20. Bxc5 Qxc5 21. b4
Qd4 22. Rfd1 a5 23. a3 Qxd2 24. Rxd2 axb4 25. axb4 Ra4 26. Rb2 Rea8 27. Kg1 Ra2
28. Rxa2 Rxa2 29. Bf1 b6 30. c5 dxc5 31. bxc5 bxc5 32. Rxc5 Rd2 33. d6 Rxd6 34.
Rxe5 g6 35. Kf2 Kg7 36. Re2 Kf6 37. Rb2 h4 38. Ra2 g5 39. Ra6 Rxa6 40. Bxa6 Ke5 1/2-1/2

[Event "62nd ch-IND 2025"]
[Site "Guntur IND"]
[Date "2025.09.25"]
[Round "5.6"]
[White "Gupta, Abhijeet"]
[Black "Vignesh, B"]
[Result "1-0"]
[WhiteTitle "GM"]
[WhiteElo "2511"]
[BlackElo "2288"]
[WhiteFideId "5010608"]
[BlackFideId "35051555"]
[EventDate "2025.09.21"]

1. d4 Nf6 2. c4 e6 3. Nf3 Bb4+ 4. Nbd2 O-O 5. g3 b6 6. Bg2 Bb7 7. O-O a5 8. Qc2
Bxd2 9. Bxd2 Be4 10. Qc1 d6 11. Bc3 Nbd7 12. Rd1 Qb8 13. Qf4 b5 14. b3 Qb7 15.
Bf1 b4 16. Bb2 a4 17. Nd2 e5 18. dxe5 dxe5 19. Bxe5 Nxe5 20. Qxe5 Bc6 21. Rab1
Qb6 22. Qf4 Ra5 23. Bg2 Bxg2 24. Kxg2 Qe6 25. e4 axb3 26. axb3 c6 27. Ra1 Ra3
28. e5 Nd7 29. Nf3 Qe7 30. Rab1 Nc5 31. Nd4 Ne6 32. Qe3 Nxd4 33. Rxd4 Re8 34.
Re1 h6 35. Rd6 Qc7 36. c5 Qb7 37. Qd3 Qa6 38. Qf3 Qb5 39. Rd7 Rf8 40. e6 Qxc5
41. e7 Re8 42. Rd8 1-0

[Event "62nd ch-IND 2025"]
[Site "Guntur IND"]
[Date "2025.09.25"]
[Round "5.7"]
[White "Subhayan, Kundu"]
[Black "Rohith, Krishna S"]
[Result "1/2-1/2"]
[WhiteTitle "IM"]
[BlackTitle "IM"]
[WhiteElo "2352"]
[BlackElo "2503"]
[WhiteFideId "5094801"]
[BlackFideId "46617051"]
[EventDate "2025.09.21"]

1. e4 e5 2. Nf3 Nc6 3. Bc4 Bc5 4. O-O Nf6 5. d3 d6 6. c3 a5 7. Re1 Ba7 8. Nbd2
O-O 9. h3 Be6 10. Bb5 Ne7 11. d4 c6 12. Bd3 Ng6 13. Nf1 Nh5 14. Bc2 Nhf4 15. Ng3
exd4 16. Nxd4 Bxd4 17. cxd4 d5 18. Qf3 dxe4 19. Nxe4 Qc7 20. h4 f5 21. Nc3 Rae8
22. h5 Bd5 23. Bxf4 Rxe1+ 24. Rxe1 Nxf4 25. Nxd5 Nxd5 26. Bxf5 Qd6 27. Qe4 Kh8
28. g3 Qf6 29. Re2 Qg5 30. Qg4 Qc1+ 31. Kg2 Nf6 32. Qf3 Qg5 33. Bd3 Nd7 34. Qe3
Qxh5 35. Re1 Nf6 36. Qe5 Qf7 37. Qxa5 b6 38. Qf5 g6 39. Qe6 Qb7 40. Qe7 Qxe7 41.
Rxe7 Rd8 42. Re6 Kg7 43. Rxc6 Rxd4 44. Bc2 Ng4 45. Rc7+ Kf8 46. Kf3 Ne5+ 47. Ke2
Nc4 48. Bb3 Nxb2 49. Rf7+ Ke8 50. Rxh7 Rd6 51. Rh1 b5 52. Rb1 Nc4 53. Bxc4 bxc4
54. Rc1 Ra6 55. Rc2 Ra3 56. Kf1 Kf7 57. Kg2 Ke6 58. Rxc4 Rxa2 59. Rf4 Ra3 60.
Kh3 Ke7 61. Kg4 Ra5 62. Re4+ Kf6 63. Rb4 Kg7 64. f4 Kf6 65. Rb6+ Kf7 66. Rb3 Kf6
67. Re3 Rb5 68. Re8 Ra5 69. Rb8 Rc5 70. Rb6+ Kf7 71. Kh4 Rh5+ 72. Kg4 Rc5 1/2-1/2

[Event "62nd ch-IND 2025"]
[Site "Guntur IND"]
[Date "2025.09.25"]
[Round "5.8"]
[White "Ajay Santhosh Parvathareddy"]
[Black "Srihari, L"]
[Result "1-0"]
[WhiteTitle "FM"]
[BlackTitle "IM"]
[WhiteElo "2482"]
[BlackElo "2373"]
[WhiteFideId "25998676"]
[BlackFideId "46642056"]
[EventDate "2025.09.21"]

1. d4 Nf6 2. c4 e6 3. g3 c5 4. d5 d6 5. Bg2 exd5 6. cxd5 g6 7. Nc3 Bg7 8. Nf3
O-O 9. O-O Re8 10. Re1 a6 11. a4 Nbd7 12. Bf4 Qc7 13. Rc1 h6 14. h4 Ng4 15. Nd2
Rb8 16. b4 b6 17. a5 Nge5 18. Nce4 b5 19. bxc5 dxc5 20. Nxc5 Nxc5 21. Ne4 Qxa5
22. Nxc5 Rb6 23. Nd3 Bd7 24. Nxe5 Bxe5 25. Bxe5 Rxe5 26. Qd4 Re8 27. Ra1 1-0

[Event "62nd ch-IND 2025"]
[Site "Guntur IND"]
[Date "2025.09.25"]
[Round "5.9"]
[White "Nitin, S."]
[Black "Srihari, L R"]
[Result "1/2-1/2"]
[WhiteTitle "IM"]
[BlackTitle "GM"]
[WhiteElo "2316"]
[BlackElo "2481"]
[WhiteFideId "5018277"]
[BlackFideId "46617116"]
[EventDate "2025.09.21"]

1. e4 e5 2. Nf3 Nc6 3. Bb5 a6 4. Ba4 Nf6 5. O-O Be7 6. Bxc6 dxc6 7. d3 Nd7 8.
Nc3 O-O 9. Be3 Re8 10. h3 Bf8 11. a4 a5 12. Nd2 Nc5 13. Nc4 f6 14. Ne2 Be6 15.
b3 b6 16. Ng3 Qd7 17. Qf3 Na6 18. Rfd1 Rad8 19. Qe2 Qf7 20. Rf1 Qd7 21. Rfd1 c5
22. c3 Nb8 23. Nh5 Nc6 24. Ng3 Qf7 25. Rf1 Ne7 26. Rad1 Ng6 27. Nh5 Qd7 28. f4
exf4 29. Nxf4 Nxf4 30. Bxf4 Qc6 31. Qc2 Rd7 32. Rf3 Bxc4 1/2-1/2

[Event "62nd ch-IND 2025"]
[Site "Guntur IND"]
[Date "2025.09.25"]
[Round "5.10"]
[White "Prraneeth, Vuppala"]
[Black "Sharnarthi Viresh"]
[Result "1/2-1/2"]
[WhiteTitle "GM"]
[WhiteElo "2475"]
[BlackElo "2281"]
[WhiteFideId "46622373"]
[BlackFideId "25978055"]
[EventDate "2025.09.21"]

1. d4 Nf6 2. c4 g6 3. Nc3 Bg7 4. e4 d6 5. h4 c5 6. d5 h5 7. Nf3 O-O 8. Bg5 Ng4
9. Be2 Nd7 10. O-O Ndf6 11. Nh2 Nxh2 12. Kxh2 Nh7 13. Qd2 Nxg5 14. hxg5 f6 15.
Bd3 e5 16. dxe6 fxg5 17. e5 Bxe5+ 18. Kg1 Kg7 19. Ne4 Bxe6 20. Nxg5 Bg4 21. f4
Bd4+ 22. Kh1 Qf6 23. Rae1 Rae8 24. g3 Bd7 25. Qg2 Bc6 26. Be4 Rxe4 27. Rxe4 h4
28. gxh4 Rh8 29. Qg3 Qf5 30. Re1 Bf6 31. Kg1 Bxe4 32. Nxe4 Bxh4 33. Qc3+ Kg8 34.
Ng3 Qf7 35. Kg2 Bxg3 36. Qxg3 Qf6 37. Qg4 Rh4 38. Qd7 Qxb2+ 39. Kf3 Rxf4+ 40.
Kxf4 Qf2+ 41. Kg5 Qxe1 42. Kxg6 Qe4+ 43. Kf6 Qe5+ 44. Kg6 Qe4+ 1/2-1/2

[Event "62nd ch-IND 2025"]
[Site "Guntur IND"]
[Date "2025.09.25"]
[Round "5.11"]
[White "Aditya, Varun Gampa"]
[Black "Ayush, Sharma"]
[Result "0-1"]
[WhiteTitle "FM"]
[BlackTitle "IM"]
[WhiteElo "2273"]
[BlackElo "2457"]
[WhiteFideId "45066183"]
[BlackFideId "45010943"]
[EventDate "2025.09.21"]

1. e4 c5 2. Nf3 d6 3. Bb5+ Bd7 4. Bxd7+ Nxd7 5. O-O Ngf6 6. Qe2 e6 7. d3 Be7 8.
b3 O-O 9. Bb2 Qc7 10. Ng5 h6 11. Nh3 Ne5 12. f4 Nc6 13. g4 Nd4 14. Qg2 Nd7 15.
c3 Nc6 16. Nd2 a5 17. a4 Rab8 18. c4 Bf6 19. Bxf6 gxf6 20. g5 Kh7 21. Qg4 Rh8
22. Kh1 hxg5 23. Nf3 Kg7 24. fxg5 Rbg8 25. gxf6+ Kf8 26. Nfg5 Nd4 27. Ra2 Ne5
28. Qg3 Ke8 29. Rg2 Kd7 30. Rf4 Qb6 31. Rh4 Qxb3 32. Rxh8 Rxh8 33. Nf4 Qxa4 34.
h4 Qd1+ 35. Rg1 Rxh4+ 36. Qxh4 Qxg1+ 37. Kxg1 Ndf3+ 38. Kf2 Nxh4 39. Ke3 a4 40.
Ne2 a3 41. Nc3 Ng2+ 42. Kd2 Nf4 43. Kc2 Nfxd3 44. Kb3 Nb2 45. Kxa3 Nbxc4+ 46.
Kb3 Nd2+ 47. Kc2 Ndf3 48. Nh3 Ng4 49. Kd3 0-1

[Event "62nd ch-IND 2025"]
[Site "Guntur IND"]
[Date "2025.09.25"]
[Round "5.12"]
[White "Sriansh Das"]
[Black "Harsh, Suresh"]
[Result "1/2-1/2"]
[WhiteTitle "FM"]
[BlackTitle "IM"]
[WhiteElo "2245"]
[BlackElo "2443"]
[WhiteFideId "45030081"]
[BlackFideId "45018464"]
[EventDate "2025.09.21"]

1. e4 c5 2. c3 d5 3. exd5 Qxd5 4. d4 Nf6 5. Nf3 e6 6. Na3 a6 7. Nc4 Nbd7 8. Be3
Ng4 9. a4 Nxe3 10. fxe3 Be7 11. Bd3 b5 12. Ncd2 Rb8 13. axb5 cxd4 14. exd4 axb5
15. Qe2 b4 16. c4 Qh5 17. O-O O-O 18. Ne4 Bb7 19. Ng3 Qg4 20. Be4 Nf6 21. Bd3
Nd7 22. Be4 Nf6 23. Bd3 Nd7 24. Be4 1/2-1/2

[Event "62nd ch-IND 2025"]
[Site "Guntur IND"]
[Date "2025.09.25"]
[Round "5.13"]
[White "Ravi, Teja S."]
[Black "Kumaresh, A"]
[Result "1-0"]
[WhiteTitle "IM"]
[BlackTitle "CM"]
[WhiteElo "2410"]
[BlackElo "2256"]
[WhiteFideId "5017220"]
[BlackFideId "45022259"]
[EventDate "2025.09.21"]

1. Nf3 Nf6 2. c4 g6 3. Nc3 d5 4. cxd5 Nxd5 5. Qa4+ Nc6 6. Ne5 Nb6 7. Nxc6 bxc6
8. Qxc6+ Bd7 9. Qc5 e6 10. Qd4 f6 11. e4 e5 12. Qe3 c5 13. b3 Rc8 14. Bc4 Bc6
15. d3 Bd6 16. O-O h5 17. Nb5 Bxb5 18. Bxb5+ Kf7 19. Ba3 Be7 20. Rac1 Qd4 21.
Rc2 Rhd8 22. Ba6 Rb8 23. Bxc5 Bxc5 24. Rxc5 Qd6 25. Rfc1 Rd7 26. h4 Kg7 27. Bb5
Rf7 28. b4 a6 29. Bc6 Rc8 30. a3 Rfc7 31. Bd5 Na4 32. R5c4 Nb2 33. Rxc7+ Rxc7
34. Rxc7+ Qxc7 35. Qc5 Qxc5 36. bxc5 Kf8 37. Bb7 1-0

[Event "62nd ch-IND 2025"]
[Site "Guntur IND"]
[Date "2025.09.25"]
[Round "5.14"]
[White "Ankit Ray"]
[Black "Deepan, Chakkravarthy J."]
[Result "0-1"]
[WhiteTitle "FM"]
[BlackTitle "GM"]
[WhiteElo "2221"]
[BlackElo "2407"]
[WhiteFideId "25770624"]
[BlackFideId "5011132"]
[EventDate "2025.09.21"]

1. Nf3 Nf6 2. g3 b5 3. Bg2 Bb7 4. O-O e6 5. d3 c5 6. e4 d6 7. a4 b4 8. b3 Nbd7
9. Bb2 Qc7 10. Nbd2 Be7 11. Re1 O-O 12. Nc4 Rfe8 13. e5 dxe5 14. Nfxe5 Bxg2 15.
Kxg2 Nb6 16. Qf3 Nxc4 17. Nxc4 Nd5 18. Ne3 Rad8 19. Nxd5 Rxd5 20. Qg4 Bf8 21.
Qf3 Red8 22. Re4 Rf5 23. Qe3 g6 24. Re1 Bg7 25. Bxg7 Kxg7 26. Re5 Rd5 27. Rxf5
Rxf5 28. Qe4 h5 29. Re3 Rd5 30. h4 Qd6 31. f4 Qd8 32. Qf3 Qf6 33. Qe2 Qd8 34.
Re4 Qd6 35. Qf3 Kf8 36. Re2 Ke7 37. Qe4 Kd7 38. Kh2 Qc6 39. Re3 c4 40. dxc4 Rd2+
41. Kh3 Qxe4 42. Rxe4 Rxc2 43. Re5 Rc3 44. Ra5 Rxb3 45. Rxa7+ Kc6 46. Rxf7 Ra3
47. Re7 b3 48. Rxe6+ Kc5 49. Re1 Kxc4 50. a5 b2 0-1

[Event "62nd ch-IND 2025"]
[Site "Guntur IND"]
[Date "2025.09.25"]
[Round "5.15"]
[White "Aadik Theophane Lenin"]
[Black "Aaditya, Dhingra"]
[Result "0-1"]
[BlackTitle "IM"]
[WhiteElo "2108"]
[BlackElo "2391"]
[WhiteFideId "33362041"]
[BlackFideId "25678191"]
[EventDate "2025.09.21"]

1. d4 Nf6 2. c4 e6 3. Nc3 d5 4. cxd5 exd5 5. Bg5 c6 6. e3 Be7 7. Bd3 Nbd7 8. Qc2
Nf8 9. h3 Ne6 10. Bh4 g6 11. Nge2 O-O 12. f3 Ng7 13. O-O Nfh5 14. Bf2 f5 15. e4
dxe4 16. fxe4 f4 17. Be1 f3 18. Rxf3 Rxf3 19. gxf3 Bxh3 20. Qd2 Bg5 21. f4 Qd7
22. Qe3 Qg4+ 23. Bg3 Rf8 24. Bc4+ Kh8 25. Kf2 Nxg3 26. Rg1 Bh4 27. Rxg3 Nh5 0-1

[Event "62nd ch-IND 2025"]
[Site "Guntur IND"]
[Date "2025.09.25"]
[Round "5.16"]
[White "Sidhant, Mohapatra"]
[Black "Gyana, Sai Santhosh M"]
[Result "1-0"]
[WhiteTitle "IM"]
[WhiteElo "2384"]
[BlackElo "2098"]
[WhiteFideId "5028698"]
[BlackFideId "25611135"]
[EventDate "2025.09.21"]

1. e4 e5 2. Nf3 Nc6 3. Bc4 Nf6 4. d3 Be7 5. O-O O-O 6. Nc3 d6 7. a4 Na5 8. Ba2
c5 9. Bg5 Nc6 10. Bxf6 Bxf6 11. Nd5 g6 12. Qd2 Bg7 13. Qg5 Be6 14. Qxd8 Raxd8
15. c3 h6 16. Rfe1 Kh7 17. Ne3 Bxa2 18. Rxa2 Rd7 19. Nd5 Ne7 20. Nxe7 Rxe7 21.
a5 Rd7 22. c4 Bf6 23. Nd2 Rb8 24. Nb1 b5 25. axb6 Rxb6 26. Nc3 Bd8 27. Rea1 a5
28. Rxa5 Rxb2 29. R5a2 Rxa2 30. Rxa2 Rb7 31. Nb5 Kg7 32. Kf1 Be7 33. Ra6 Rd7 34.
Ke2 h5 35. Kd2 f5 36. Ke3 Bf8 37. exf5 gxf5 38. f4 exf4+ 39. Kxf4 Kf6 40. Kf3
Ke5 41. Ra8 Be7 42. Rh8 h4 43. Re8 d5 44. Ke2 dxc4 45. dxc4 Ke6 46. Rg8 Kf7 47.
Rc8 Ke6 48. Rc6+ Ke5 49. Rg6 Bd8 50. Rc6 Be7 51. Rc8 Ke6 52. Re8 Kf7 53. Rh8 Kg7
54. Rc8 Kf6 55. Ke3 Kf7 56. Kf3 Ke6 57. Nc7+ Ke5 58. Nd5 Kd4 59. Rh8 Bd8 60. Ne3
Bg5 61. Nxf5+ Kxc4 62. Nxh4 Kd3 63. Ng6 Rf7+ 64. Kg4 Bf6 65. Nf4+ Kd2 66. Rc8
Bd4 67. Ne6 Bg1 68. h4 Bf2 69. h5 Ke2 70. Rc7 Rxc7 71. Nxc7 Ke3 72. h6 Ke4 73.
Nb5 Kd5 1-0

[Event "62nd ch-IND 2025"]
[Site "Guntur IND"]
[Date "2025.09.25"]
[Round "5.17"]
[White "Abhishek T M"]
[Black "Sengupta, Deep"]
[Result "0-1"]
[BlackTitle "GM"]
[WhiteElo "2077"]
[BlackElo "2490"]
[WhiteFideId "35048252"]
[BlackFideId "5008352"]
[EventDate "2025.09.21"]

1. e4 e5 2. Nf3 Nc6 3. Bb5 a6 4. Ba4 Nf6 5. O-O Bc5 6. c3 Ba7 7. d4 O-O 8. dxe5
Nxe4 9. Qd5 Nc5 10. Bc2 Ne7 11. Qd1 d5 12. exd6 cxd6 13. Nbd2 d5 14. b4 Ne6 15.
Nb3 Ng6 16. Qd3 Qf6 17. h4 Bd7 18. a4 Rac8 19. Bd2 Rfd8 20. Nbd4 h6 21. h5 Ngf8
22. Nf5 Bb8 23. g3 a5 24. Nh2 Ng5 25. Bxg5 Qxg5 26. f4 Qxf5 27. Qxf5 Bxf5 28.
Bxf5 Rxc3 29. Kg2 axb4 30. Rfd1 Ne6 31. Rab1 b3 32. Nf3 Ba7 33. Bxe6 fxe6 34.
Nd2 Rdc8 35. Nxb3 R8c4 36. Nd2 Rxa4 37. Rxb7 Rd3 38. Rb2 Raa3 39. Rc1 Rxg3+ 0-1